000 00332nam a22001337a 4500
008 170829b xxu||||| |||| 00| 0 eng d
020 _a2900872894630
041 _aeng
080 _a070
100 _a39
101 _aMED
245 _aADVANCING THE BROADCAST STORY JOURNALISM IN A MULTIMEDIA WORLD
_cWENGER,D.H
942 _2udc
_cBK
999 _c25435
_d25435